Composers by Numbers of Symphonies #2 - Statistics

General Stats
  • This quiz has been taken 51 times
  • The average score is 13 of 20
Answer Stats
# one of his works composer % Correct
0 (Four seasons) Vivaldi
98%
1 (Carmen) Bizet
96%
4 Symphonie fantastique Berlioz
91%
3 (The Firebird) Stravinsky
91%
0 (Gymnopédies) Satie
89%
0 (Madama Butterfly) Puccini
84%
3 (Scheherazade) Rimsky-Korsakov
82%
4 (Academic Festival Overture) Brahms
69%
3 (Appalachian Spring) Copland
69%
3 (Rhapsody on a Theme of Paganini) Rachmaninov
67%
3 Organ Symphony Saint-Saëns
67%
0 (Mother Goose) Ravel
62%
2 Faust Symphony Liszt
60%
11 Romantic Bruckner
51%
1 Simple Symphony Britten
42%
4 Spring Schumann
40%
6 Inextinguishable Nielsen
38%
1 Symphony in D Minor Franck
33%
4 Symphony of Sorrowful Songs Górecki
31%
4 (Fratres) Pärt
24%
No matching quizzes found
Score Distribution
Percent of People with Each Score
Percentile by Number Answered
Your Score History
You have not taken this quiz